| 000 | 00778cam a22002412 4500 | ||
|---|---|---|---|
| 001 | 0000002182 | ||
| 005 | 20151217151842.0 | ||
| 008 | 070404s xx 000 0 eng d | ||
| 020 |
_a1861529457 : _cKES 5,998 |
||
| 040 |
_aKABU _cKABU |
||
| 050 | 0 |
_aHF5415.1265 _b.F54 |
|
| 100 | 1 |
_aFletcher, Richard. _@0000151447 |
|
| 245 | 1 | 0 |
_aInternational e-Business marketing / _cRichard Fletcher, Jim Bell and Rod McNaughton. |
| 260 |
_aLondon : _bThomson, _c2004. |
||
| 300 | _axii, 307 p. | ||
| 650 | 0 |
_aInternet marketing. _@0000151441 |
|
| 700 | 1 |
_aMcNaughton, Rod. _@0000151448 |
|
| 700 | 1 |
_aBell, Jim. _@0000151449 |
|
| 908 | _a070404 | ||
| 950 | _@1 | ||
| 999 |
_c5691 _d5691 |
||